Cost of living survey 2011 (Record no. 83266)

MARC details
000 -LEADER
fixed length control field 00828cad a22002055a 4500
001 - CONTROL NUMBER
control field L153344
008 - FIXED-LENGTH DATA ELEMENTS--GENERAL INFORMATION
fixed length control field 110712e2011 xxk 000 0 eng d
035 ## - SYSTEM CONTROL NUMBER
System control number (Sirsi) u153344
041 0# - LANGUAGE CODE
Language code of text/sound track or separate title eng
110 2# - MAIN ENTRY--CORPORATE NAME
Corporate name or jurisdiction name as entry element Mercer
9 (RLIN) 5960
245 00 - TITLE STATEMENT
Title Cost of living survey 2011
Remainder of title City rankings[electronic resource]
260 ## - PUBLICATION, DISTRIBUTION, ETC.
Date of publication, distribution, etc. 2011
490 ## - SERIES STATEMENT
Series statement Worldwide Cost of Living Survey
Volume/sequential designation 2011
520 ## - SUMMARY, ETC.
Summary, etc. Summaries Mercer's annual global Cost of Living Survey by city. Ranks London as the most expensive UK city to live in. Summary of living costs by region. Full report available to purchase from http://www.imercer.com.
590 ## - LOCAL NOTE (RLIN)
Local note KA
651 #4 - SUBJECT ADDED ENTRY--GEOGRAPHIC NAME
Geographic name INTERNATIONAL
690 ## - LOCAL SUBJECT ADDED ENTRY--TOPICAL TERM (OCLC, RLIN)
Topical term or geographic name as entry element PROPERTY-RESIDENTIAL PROPERTY
856 40 - ELECTRONIC LOCATION AND ACCESS
Uniform Resource Identifier <a href="https://www.mercer.com/costoflivingpr#City_rankings">https://www.mercer.com/costoflivingpr#City_rankings</a>
Public note View this item free of charge at www.mercer.com
942 ## - ADDED ENTRY ELEMENTS (KOHA)
Suppress in OPAC 0
Holdings
Withdrawn status Lost status Source of classification or shelving scheme Damaged status Not for loan Home library Current library Shelving location Date acquired Total Checkouts Full call number Barcode Date last seen Copy number Price effective from Koha item type
    Dewey Decimal Classification     Virtual Virtual Online 12/07/2011   ONLINE PUBLICATION 153344-2001 06/08/2019 1 06/08/2019 Journal article